000 00827nam a2200205Ii 4500
003 JO-AjNU
008 230605s9999||||xx |||||||||||||| ||und||
040 _aJO-AjNU
_bara
_erda
_cJO-AjNU
041 _aara
050 1 4 _aPJ6023.A8388 1991
100 3 _aتاليف الأثري ، محمد بهجة,
_eauthor
_934908
245 0 0 _aنظرات فاحصة في قواعد رسم الكتابة العربية،وضوابط اللغة وطريقة تدوين تاريخ الأدب العربي
250 _aط1
264 3 1 _aبغداد: دار الشؤون الثقافة العامة، 1991
300 _a204ص
336 _atext
_btxt
_2rdacontent
337 _aunmediated
_bn
_2rdamedia
338 _avolume
_bnc
_2rdacarrier
650 4 _aقواعد رسم- ضوابط اللغة- تاريخ الادب العربي
_934909
999 _aA14359
_c17927
_d17927